[Event "CHN-chT 2nd"]
[Site "China"]
[Date "2006.10.31"]
[Round "12"]
[White "Wu, Wenjin"]
[Black "Yu, Shaoteng"]
[Result "1-0"]
[WhiteElo "2476"]
[BlackElo "2542"]
[PlyCount "99"]
[EventDate "2006.04.04"]
[EventType "team-tourn"]
[EventRounds "18"]
[EventCountry "CHN"]
[SourceTitle "EXT 2017"]
[Source "ChessBase"]
[SourceDate "2016.10.25"]
[SourceVersion "1"]
[SourceVersionDate "2016.10.25"]
[SourceQuality "1"]
[WhiteTeam "Chongqing"]
[BlackTeam "Guangdong"]
[WhiteTeamCountry "CHN"]
[BlackTeamCountry "CHN"]

1. Nf3 Nf6 2. c4 e6 3. Nc3 Bb4 4. g4 0-0 5. g5 Ne8 6. Qc2 b6 7. a3 Bxc3 8. Qxc3 Bb7 9. Rg1 d5 10. cxd5 exd5 11. b4 Nd7 12. Bh3 c5 13. Bxd7 Qxd7 14. bxc5 Rc8 15. c6 Bxc6 16. Bb2 Ba4 17. Qd4 Qb5 18. Ne5 f6 19. gxf6 Rxf6 20. Ng4 Re6 21. Ne3 Nf6 22. Qb4 Rf8 23. Qxb5 Bxb5 24. Rc1 g6 25. Rc7 Rf7 26. Rxf7 Kxf7 27. Bxf6 Rxf6 28. Nxd5 Rf5 29. Nc3 Bd7 30. Rg4 Rh5 31. Rc4 Rxh2 32. d4 h5 33. Rc7 Rh1+ 34. Kd2 Ke6 35. Rxa7 h4 36. Ra8 h3 37. Rh8 Kf6 38. Rh7 Bg4 39. Ne4+ Ke6 40. f3 Bf5 41. Ng3 Rh2 42. Nxf5 gxf5 43. Rh6+ Kd5 44. Kd3 f4 45. Rxb6 Rh1 46. Rb5+ Ke6 47. Rh5 Kf6 48. Ke4 Kg6 49. Rh8 Kg5 50. Rg8+ 1-0

[Event "All China Games 3rd"]
[Site "Suzhou"]
[Date "2006.05.25"]
[Round "10"]
[White "Wu, Wenjin"]
[Black "Li, Chao B"]
[Result "1/2-1/2"]
[WhiteElo "2508"]
[BlackElo "2458"]
[PlyCount "261"]
[EventDate "2006.05.20"]
[EventType "swiss"]
[EventRounds "11"]
[EventCountry "CHN"]
[SourceTitle "CBM 112 Extra"]
[Source "ChessBase"]
[SourceDate "2006.07.14"]
[SourceVersion "1"]
[SourceVersionDate "2006.07.14"]
[SourceQuality "1"]

1. Nf3 Nf6 2. c4 c5 3. Nc3 e6 4. g3 b6 5. Bg2 Bb7 6. 0-0 Be7 7. d4 cxd4 8. Qxd4 d6 9. Bg5 h6 10. Bxf6 Bxf6 11. Qd3 a6 12. Rfd1 Be7 13. Ne1 Bxg2 14. Nxg2 0-0 15. Nf4 Nd7 16. b3 Nc5 17. Qe3 Re8 18. Qf3 Qb8 19. Qg4 Kh7 20. Qf3 Kg8 21. Nd3 Nxd3 22. Qxd3 Rd8 23. a4 Qc7 24. Rac1 Rac8 25. h4 Qc5 26. Qb1 Qb4 27. Rd3 Bf6 28. Ne4 Be5 29. f4 d5 30. Nf2 Bf6 31. cxd5 Rxc1+ 32. Qxc1 exd5 33. Qd1 Bb2 34. Rxd5 Rxd5 35. Qxd5 Qe1+ 36. Kg2 Qxe2 37. Qd8+ Kh7 38. Qxb6 g6 39. Qd6 a5 40. Qd3 Qe6 41. Qc4 Qd7 42. Qd3 Qb7+ 43. Kh2 Kg7 44. Nd1 Bf6 45. Ne3 Qb6 46. Kg2 Qc5 47. Nc4 Qc6+ 48. Qf3 Qd7 49. h5 Kh7 50. hxg6+ fxg6 51. Kf1 Qh3+ 52. Ke2 Qe6+ 53. Qe3 Qd5 54. Qf3 Qe6+ 55. Kd3 Qd7+ 56. Kc2 Qd4 57. g4 Qa1 58. f5 gxf5 59. Qxf5+ Kg7 60. Qd7+ Kg8 61. Qd5+ Kg7 62. Nd6 Qb2+ 63. Kd3 Qc3+ 64. Ke4 Qc2+ 65. Qd3 Qg2+ 66. Kf5 Bb2 67. Qe4 Qf2+ 68. Ke6 Qb6 69. Qf3 Ba3 70. Qf6+ Kh7 71. Qe7+ Kg8 72. Qe8+ Kg7 73. Qd7+ Kg6 74. Qf7+ Kg5 75. Qh5+ Kf4 76. Qxh6+ Kxg4 77. Qg6+ Kh4 78. Kd7 Qa7+ 79. Kc6 Qc5+ 80. Kd7 Qa7+ 81. Ke6 Qb6 82. Qe4+ Kg3 83. Qe5+ Kf2 84. Kd7 Qxb3 85. Qxa5 Qh3+ 86. Kc6 Bxd6 87. Qd2+ Kf1 88. Qd1+ Kf2 89. Qxd6 Qc8+ 90. Kb6 Qh8 91. a5 Qb2+ 92. Kc6 Qa1 93. Kb6 Qb1+ 94. Kc7 Qh7+ 95. Kb8 Qg8+ 96. Kb7 Qf7+ 97. Kc6 Qf3+ 98. Qd5 Qf6+ 99. Kc7 Qc3+ 100. Kb7 Qb2+ 101. Ka7 Kg3 102. a6 Kh4 103. Qb7 Qd4+ 104. Qb6 Qd7+ 105. Kb8 Qe8+ 106. Kc7 Qf7+ 107. Kc8 Qc4+ 108. Kb7 Qf7+ 109. Kc8 Qc4+ 110. Kd7 Qf7+ 111. Kd6 Qf6+ 112. Kc7 Qf7+ 113. Kb8 Qe8+ 114. Kb7 Qf7+ 115. Qc7 Qb3+ 116. Ka7 Qe3+ 117. Qb6 Qe7+ 118. Qb7 Qe3+ 119. Kb8 Qe8+ 120. Kc7 Qe7+ 121. Kc6 Qe4+ 122. Kd6 Qg6+ 123. Ke5 Qg5+ 124. Ke4 Qg4+ 125. Ke3 Qg5+ 126. Kf2 Qd2+ 127. Kf3 Qd3+ 128. Kf4 Qg3+ 129. Kf5 Qg5+ 130. Ke6 Qg6+ 131. Ke7 1/2-1/2

[Event "All China Games 3rd"]
[Site "Suzhou"]
[Date "2006.05.21"]
[Round "4"]
[White "Wu, Wenjin"]
[Black "Li, Shilong"]
[Result "1/2-1/2"]
[WhiteElo "2508"]
[BlackElo "2539"]
[PlyCount "68"]
[EventDate "2006.05.20"]
[EventType "swiss"]
[EventRounds "11"]
[EventCountry "CHN"]
[SourceTitle "CBM 112 Extra"]
[Source "ChessBase"]
[SourceDate "2006.07.14"]
[SourceVersion "1"]
[SourceVersionDate "2006.07.14"]
[SourceQuality "1"]

1. Nf3 Nf6 2. c4 g6 3. Nc3 Bg7 4. d4 0-0 5. Bf4 d6 6. Qd2 a6 7. Bh6 c5 8. Bxg7 Kxg7 9. g3 Nc6 10. Bg2 Bg4 11. dxc5 dxc5 12. Qe3 Nd4 13. 0-0-0 Bxf3 14. Bxf3 Qc7 15. g4 Kg8 16. h4 Rad8 17. h5 e6 18. Qg5 Nd7 19. Be4 Ne5 20. hxg6 fxg6 21. e3 Ndf3 22. Bxf3 Nxf3 23. Qh6 Rxd1+ 24. Rxd1 Rd8 25. Ne4 Rxd1+ 26. Kxd1 Qd8+ 27. Kc1 Qd3 28. Qf4 Qxc4+ 29. Kd1 Qd3+ 30. Kc1 Qc4+ 31. Kd1 Qf1+ 32. Kc2 Qe2+ 33. Kc3 Qe1+ 34. Kc2 Qe2+ 1/2-1/2

[Event "CHN-chT 2nd"]
[Site "China"]
[Date "2006.04.04"]
[Round "1"]
[White "Wu, Wenjin"]
[Black "Zhou, Jianchao"]
[Result "1/2-1/2"]
[WhiteElo "2476"]
[BlackElo "2525"]
[PlyCount "127"]
[EventDate "2006.04.04"]
[EventType "team-tourn"]
[EventRounds "18"]
[EventCountry "CHN"]
[SourceTitle "EXT 2017"]
[Source "ChessBase"]
[SourceDate "2016.10.25"]
[SourceVersion "1"]
[SourceVersionDate "2016.10.25"]
[SourceQuality "1"]
[WhiteTeam "Chongqing"]
[BlackTeam "Shanghai"]
[WhiteTeamCountry "CHN"]
[BlackTeamCountry "CHN"]

1. d4 Nf6 2. c4 g6 3. Nc3 d5 4. Nf3 Bg7 5. Bg5 Ne4 6. Bh4 Nxc3 7. bxc3 dxc4 8. e3 Be6 9. Qb1 b6 10. Ng5 Bd5 11. e4 h6 12. exd5 hxg5 13. Qb5+ Qd7 14. Qxd7+ Nxd7 15. Bxg5 b5 16. a4 Nb6 17. axb5 0-0-0 18. Be2 Rxd5 19. Bxe7 Rxb5 20. Kd1 Rb3 21. Bc5 Rxc3 22. Kd2 Rb3 23. Kc2 Nd5 24. Rxa7 Rc3+ 25. Kb2 Kd7 26. Rb7 Re8 27. Bf3 Rxf3 28. gxf3 Re2+ 29. Ka3 c3 30. Rbb1 Bh6 31. Rbe1 Rxf2 32. Kb3 c2 33. Ba3 Rxf3+ 34. Ka2 Nc3+ 35. Ka1 Ne2 36. Rxe2 Rxa3+ 37. Kb2 c1Q+ 38. Rxc1 Bxc1+ 39. Kxc1 Rd3 40. Rf2 Ke6 41. Re2+ Kd6 42. Rf2 f5 43. Rg2 Rxd4 44. Rxg6+ Ke5 45. Rg7 c6 46. Re7+ Kf4 47. h4 Kg4 48. Rh7 f4 49. h5 f3 50. Rf7 Rd6 51. Kc2 Kg3 52. Rg7+ Kh2 53. Rf7 Kg2 54. Rg7+ Kf1 55. Rg6 Rd5 56. h6 Rc5+ 57. Kd2 f2 58. h7 Rd5+ 59. Kc3 Rh5 60. Rg7 Ke2 61. Re7+ Kd1 62. Rd7+ Ke2 63. Re7+ Kd1 64. Rd7+ 1/2-1/2